Every Panelist on Figure It Out Quiz Stats

 Plays Quiz not verified by Sporcle

Also try: TV Network Logos
Challenge
Share
Tweet
Embed
Score 0/134 Timer 20:00
0 Plays Today
Related/Assocated with at the time Panelist % Correct
Brother of Nick CarterAaron Carter
71.4%
All ThatAmanda Bynes
50%
CatDogCatDog
42.9%
All That AND Kenan and KelKenan Thompson
42.9%
Drake and JoshDrake Bell
42.9%
VictoriousVictoria Justice
42.9%
Appeared and sang the Kenan and Kel theme songCoolio
35.7%
All That and The Adventure of Pete and PeteDanny Tamberelli
35.7%
The Mystery Files of Shelby WooIrene Ng
35.7%
All That and Kenan and KelKel Mitchell
35.7%
Host of Figure It OutSummer Sanders
35.7%
VictoriousAriana Grande
35.7%
Big Time RushCiara Bravo
35.7%
The Mystery Files of Shelby WooAdam Busch
28.6%
The Journey of Allen StrangeArjay Smith
28.6%
Saved by the Bell and Saved By the Bell: The New ClassDennis Haskins
28.6%
The Mystery Files of Shelby WooEllen David
28.6%
All ThatLori Beth Denberg
28.6%
WeinervilleMarc Weiner
28.6%
Harriet The SpyMichelle Trachtenberg
28.6%
GUTS/Global GUTSMike O'Malley
28.6%
GUTS/Global GUTSMoira Quirk
28.6%
The Mystery Files of Shelby WooSteve Purnick
28.6%
Home ImprovementTaran Noah Smith
28.6%
Power Rangers Samurai/Super SamuraiAlex Heartman
28.6%
How to RockCymphonique Miller
28.6%
VictoriousElizabeth Gillies
28.6%
VictoriousLeon Thomas III
28.6%
VictoriousMatt Bennett
28.6%
All ThatAlisa Reyes
21.4%
Father of Summer SandersBob Sanders
21.4%
AnimorphsBoris Cabrera
21.4%
WCWBrian Knobbs
21.4%
Captained Team USA to the 1999 World Cup ChampionshipCarla Overbeck
21.4%
stand-up comedianCarrot Top
21.4%
NBA Dallas MavericksCedric Ceballos
21.4%
WCWChris Jericho
21.4%
All ThatChristy Knowings
21.4%
Whose Line is it Anyway (ABC Series)Colin Mochrie
21.4%
Cousin SkeeterCousin Skeeter
21.4%
The Parent 'HoodCurtis Williams, Jr.
21.4%
Nick GASDave Aizer
21.4%
CosbyDoug E. Doug
21.4%
The Mystery Files of Shelby WooEleanor Noble
21.4%
The Journey of Allen StrangeErin J. Dean
21.4%
Related/Assocated with at the time Panelist % Correct
WBA and IBF heavyweight ChampionEvander Holyfield
21.4%
WCWThe Giant
21.4%
WCW'Hacksaw' Jim Duggan
21.4%
The Adventures of Pete & PeteHardy Rawls
21.4%
Jack Hanna's Animal AdventuresJack Hanna
21.4%
Sabrina: The Teenage WitchJenna Leigh Green
21.4%
TRLJesse Camp
21.4%
NFLJoe Namath
21.4%
All ThatJosh Server
21.4%
The Adventures of Pete & PeteJudy Grafe
21.4%
NBAJulius Erving
21.4%
Are You Afraid of the Dark?Kareem Blackwell
21.4%
All ThatKevin Kopelow
21.4%
NFL The Pittsburgh SteelersKordell Stewart
21.4%
All ThatLeon Frierson
21.4%
Caitlin's WayLindsay Felton
21.4%
All ThatMark Saul
21.4%
Cousin SkeeterMeagan Good
21.4%
merican recording artist, songwriter, and actressMya
21.4%
NFL Denver BroncosNeil Smith
21.4%
NBA Orlando Magic Penny Hardaway
21.4%
You're OnPhil Moore
21.4%
The Mystery Files of Shelby WooPreslaysa Edwards
21.4%
Dream MakerRichard Simmons
21.4%
Cousin SkeeterRobert Ri'chard
21.4%
Cousin Skeeter and Match GameRondell Sheridan
21.4%
Snow DaySchuyler Fisk
21.4%
The Journey of Allen StrangeShane Sweet
21.4%
the 1996 Olympics balance beam gold medalist,Shannon Miller
21.4%
The JeffersonsSherman Hemsley
21.4%
Blue's CluesSteve Burns
21.4%
American figure skaterTara Lipinski
21.4%
You're OnTravis White
21.4%
House of AnubisAna Mulvoy-Ten
21.4%
VictoriousAvan Jogia
21.4%
Big Time RushCarlos Pena Jr.
21.4%
Big Time RushChallen Cates
21.4%
Australian singer, songwriter, musician, dancerCody Simpson
21.4%
Winner of Figure it Out's Watch & Win contestCristian Puente-Ortiz
21.4%
VictoriousDaniella Monet
21.4%
How to RockHalston Sage
21.4%
Winner of Figure it Out's Watch & Win contestHannah Doughty
21.4%
Big Time RushJames Maslow
21.4%
iCarlyJennette McCurdy
21.4%
NBA Los Angeles LakersMetta World Peace
21.4%
Related/Assocated with at the time Panelist % Correct
iCarlyNathan Kress
21.4%
Member of the 1999 U.S. national team that won the 1999 FIFA Women's World CupTiffany Roberts
14.3%
Kenan and KelVanessa Baden
14.3%
MLS LA GalaxyA. J. DeLaGarza
14.3%
Winner of Figure it Out's Watch & Win contestAllyson McGuire
14.3%
Bucket and SkinnerAshley Argota
14.3%
MLS LA GalaxyBryan Jordan
14.3%
Marvin MarvinCamille Spirlin
14.3%
WNBA Los Angeles SparksCandace Parker
14.3%
Supah NinjasCarlos Knight
14.3%
The X FactorChris Rene
14.3%
How to RockChris O'Neal
14.3%
VictoriousEric Lange
14.3%
Supah NinjasGracie Dzienny
14.3%
Nacho LibreHéctor Jiménez
14.3%
See Dad RunJackson Brundage
14.3%
Marvin MarvinJacob Bertrand
14.3%
House of AnubisJade Ramsey
14.3%
Big Time RushKendall Schmidt
14.3%
Big Time RushLogan Henderson
14.3%
iCarlyNoah Munck
14.3%
Fred: The ShowRachel Crow
14.3%
Supah NinjasRyan Potter
14.3%
How to RockSamantha Boscarino
14.3%
Big Time RushStephen Kramer Glickman
14.3%
Big Time RushTanya Chisholm
14.3%
American professional skateboarderTony Hawk
14.3%
The Adventures of Pete & PeteMike Maronna
7.1%
Fred: The ShowJake Weary
7.1%
See Dad RunJaylen Barron
7.1%
How to RockKirk Fox
7.1%
American professional snowboarderLouie Vito
7.1%
Fred: The Show/Marvin MarvinLucas Cruikshank
7.1%
How to RockLulu Antariksa
7.1%
The X FactorMarcus Canty
7.1%
Winner of Figure it Out's Watch & Win contestMarley Priest
7.1%
How to RockMax Schneider
7.1%
VictoriousMichael Eric Reid
7.1%
How to RockNoah Crawford
7.1%
Modern FamilyNolan Gould
7.1%
See Dad RunRamy Youssef
7.1%
See Dad RunRyan Newman
7.1%
MLS LA GalaxySean Franklin
7.1%
Marvin MarvinVictory Van Tuyl
7.1%

You're not logged in!

Compare scores with friends on all Sporcle quizzes.
OR
Log In

You Might Also Like...

Show Comments

Extras

Created Feb 22, 2017ReportNominate
Tags:Game Shows, Nickelodeon, panelist

Top Quizzes Today


Score Distribution

Your Account Isn't Verified!

In order to create a playlist on Sporcle, you need to verify the email address you used during registration. Go to your Sporcle Settings to finish the process.

Report this User

Report this user for behavior that violates our Community Guidelines.

Details: